000 00450nam a2200193Ia 4500
005 20240823021917.0
008 240823s9999||||xx |||||||||||||| ||und||
020 _a81-7722-535-9
041 _aENGLISH
082 _A346.065 P6
100 _aGoel P K
245 0 _aBusiness Law for Managers
250 _a1st
260 _c2006
_b"Biztantra,New "
500 _aYES
650 _aBusiness
_bManagement Studies
942 _cBK
999 _c177986
_d177986